000 00810cam a2200241 a 4500
001 000018387
005 20200929165503.0
008 760213s1968 it 000 pbita d
040 _aDO-SdBNP
_bita
_cLC
_dBNPHU
042 _apremarc
082 _a851.912
_bC387p
100 1 _aCecchi, Emilio,
_d1884-1966
_939817
245 1 3 _aLa poesia di Giovanni Pascoli :
_bcon altri scritti pascoliani (1911-1962) /
_cEmilio Cecchi.
260 _aMilano :
_bGarzanti,
_c1968.
300 _a251 p. ;
_c22 cm.
490 1 _aSaggi
600 1 0 _aPASCOLI, GIOVANNI,
_d1855-1912
_xCRÍTICA E INTEPRETACIÓN
_939818
650 4 _aPoesía italiana
_xHistoria y crítica
_939819
650 4 _aLiteratura italiana
_xHistoria y crítica
_939820
830 0 _aSaggi
_939821
910 _aCatalogación derivada / LC
049 _aBNGR
999 _c17908
_d17908